000 01025nam a2200277 i 4500
001 13339
003 ES-MaACL
005 20230906150541.0
007 t|
008 970729s1996 sp ||||0| spa
020 _a84-206-2860-3
080 _a338.2(460)"1982/96"
080 _a338.2(410)"1979/97"
080 _a338.2(100-67 OCDE)
100 1 _aBoix, Carles.
_929885
245 1 0 _aPartidos políticos, crecimiento e igualdad
_b: estrategias económicas conservadoras y socialdemócratas en la economía mundial /
_cCarles Boix.
260 _aMadrid :
_bAlianza Editorial,
_c[1996]
300 _a407 p. ;
_c20 cm.
490 1 _aAlianza universidad ;
_v860
651 4 _aEspaña-
_xPolítica económica-
_y1982-1996.
_98410
651 4 _aGran Bretaña-
_xPolítica económica-
_y1945-1989.
_9172041
651 4 _aPaíses de la Organización de Cooperación y Desarrollo Económico-
_xPolítica económica.
_99173
830 1 _aAlianza universidad ;
_v860
_9177276
852 _aES-MaACL
_jL-20751
999 _c13339
_d13339